| 000 | 004990000a22001690004500 | ||
|---|---|---|---|
| 003 | MACL | ||
| 005 | 20151216162347.0 | ||
| 008 | 151216b xxu||||| |||| 00| 0 eng d | ||
| 040 |
_aMACL _cMACL |
||
| 041 | _aEnglish | ||
| 082 | _a030/CAN | ||
| 100 |
_aMarshall Cavendish Corporation _920506 |
||
| 245 |
_aHistory of The Ancient & Medieval World _bVol 11 Empires of the Ancient World |
||
| 260 |
_bMarshall Cavendish Corporation _c1996 |
||
| 650 |
_aEncyclopaedia _920507 |
||
| 942 |
_cBK _k030/CAV _2ddc |
||
| 999 |
_c39996 _d39996 |
||